Star Wars, épisode III - La Revanche des Sith - Statistiques

Statistiques générales
  • Ce quiz a été pris 88 fois
  • Le résultat moyen est 11 sur 15
Statistiques - réponses
Questions Réponses % Correct
Que collectionne le Général Grievous comme trophées de ses victoires contre les Jedi ? Les sabres lasers
95%
Sous quel nom Sith le chancelier Palpatine agit-il dans l’ombre ? Dark Sidious
91%
Quel ordre donné par Palpatine entraîne l’extermination des Jedi ? L'Ordre 66
89%
Quel maître Jedi part en exil après l’exécution de l’Ordre 66 et la chute de la République ? Maître Yoda
88%
Sur quelle planète volcanique se déroule le duel final entre Anakin et Obi-Wan ? Mustafar
85%
Selon Palpatine, en quoi sera désormais réorganisée la République Galactique après le "complot" des Jedi pour maintenir la sécurité ? En Premier empire galactique
78%
Quel Seigneur Sith, mentionné par Palpatine, est connu pour avoir découvert le secret de l’immortalité et la manipulation de la Force pour créer la vie ? Dark Plagueis le Sage
77%
Quel ancien maître Jedi apparaît à Yoda pour lui révéler la possibilité de revenir sous la forme d’un fantôme de la Force ? Qui-Gon Jinn
77%
Quel est le nom du droïde astromécano qui accompagne Obi-Wan Kenobi lors de la bataille spatiale de Coruscant ? R4-P17
66%
Selon une celèbre citation de Padmé, sous quoi disparaît la liberté ? Sous les applaudissements
65%
Quel sénateur d’Alderaan adopte Leia après la mort de Padmé Amidala ? Bail Organa
60%
Sur quelle planète Yoda combat-il aux côtés des Wookiees lors de l’offensive des Séparatistes ? Kashyyyk
55%
Sur quelle planète aux immenses cratères vivent les Pau’ans et les Utaï ? Utapau
49%
Avec quel pouvoir du Côté obscur Palpatine se défend-il contre Mace Windu ? Des Éclairs de la Force
42%
Comment se prénomment les fermiers qui élèvent Luke Skywalker sur Tatooine après la chute de la République ? Owen et Beru
35%
Aucun quiz correspondant
Distribution des résultats
% des personnes avec chaque résultat
Percentile par nombre de réponses
Votre historique - résultats
Vous n’avez pas pris ce quiz